000 00561nam a2200241 a 4500
001 nice12345678
003 IN_TiNIC
005 20260116011636.0
008 050524s1970 lona grp 000 0 eng
020 _a
_c100
082 0 0 _a270
_bHUE
100 _aHuelin, Gordon
245 _aChurch and the Churches
260 _aLondon
_bSheldon Press
_c1970
300 _a86p
500 _aincludes index and biblioraphy
505 2 _aNodtes
650 _aChurch-History
700 1 _aHuelin, Gordon
902 _bSRS
942 _cBK
999 _c3072
_d3072